Manchester United Players of the Season - Statistics

General Stats
  • This quiz has been taken 179 times
  • The average score is 28 of 32
Answer Stats
Season Position Nationality Player % Correct
23/24 Midfielder Portugal Bruno Fernandes
99%
20/21 Midfielder Portugal Bruno Fernandes
99%
19/20 Midfielder Portugal Bruno Fernandes
99%
21/22 Forward Portugal Cristiano Ronaldo
99%
07/08 Forward Portugal Cristiano Ronaldo
99%
06/07 Forward Portugal Cristiano Ronaldo
99%
03/04 Forward Portugal Cristiano Ronaldo
99%
22/23 Forward England Marcus Rashford
99%
17/18 Goalkeeper Spain David de Gea
98%
15/16 Goalkeeper Spain David de Gea
98%
14/15 Goalkeeper Spain David de Gea
98%
13/14 Goalkeeper Spain David de Gea
98%
09/10 Forward England Wayne Rooney
96%
05/06 Forward England Wayne Rooney
96%
08/09 Defender Serbia Nemanja Vidic
95%
12/13 Forward Netherlands Robin van Persie
95%
11/12 Defender Ecuador Antonio Valencia
91%
97/98 Midfielder Wales Ryan Giggs
90%
02/03 Forward Netherlands Ruud van Nistelrooy
89%
01/02 Forward Netherlands Ruud van Nistelrooy
89%
10/11 Forward Mexico Javier Hernandez
88%
99/00 Midfielder Ireland Roy Keane
88%
98/99 Midfielder Ireland Roy Keane
88%
18/19 Defender England Luke Shaw
87%
95/96 Forward France Eric Cantona
84%
93/94 Forward France Eric Cantona
84%
16/17 Midfielder Spain Ander Herrera
77%
96/97 Midfielder England David Beckham
73%
00/01 Forward England Teddy Sheringham
58%
04/05 Defender Argentina Gabriel Heinze
45%
94/95 Midfielder Russia Andrei Kanchelskis
39%
92/93 Midfielder England Paul Ince
32%
No matching quizzes found
Score Distribution
Percent of People with Each Score
Percentile by Number Answered
Your Score History
You have not taken this quiz